Simulace pro ekonomy

Na minha lista:
Detalhes bibliográficos
Autor principal: Dlouhý, Martin
Autor Corporativo: Vysoká škola ekonomická v Praze. Fakulta informatiky a statistiky
Outros Autores: Fábry, Ján, Kuncová, Martina
Formato: Livro
Idioma:tcheco
Publicado em: Praha Oeconomica, Nakladatelství VŠE 2005
Edição:2. uprav. vyd.
Assuntos:
Tags: Adicionar Tag
Sem tags, seja o primeiro a adicionar uma tag!

MARC

LEADER 00000nam$a2200000$$$4500
001 0076320
005 20240311130510.1
020 |a 80-245-0973-3 
041 0 |a cze 
044 |a CZ 
245 1 0 |a Simulace pro ekonomy  |c Martin Dlouhý, Ján Fábry, Martina Kuncová 
250 |a 2. uprav. vyd. 
264 1 |a Praha  |b Oeconomica, Nakladatelství VŠE  |c 2005 
300 |a 152 s. 
610 2 0 |a simulácia 
610 2 0 |a modely simulačné 
610 2 0 |a modelovanie 
610 2 0 |a analýzy 
610 2 0 |a optimalizácia 
610 2 0 |a metódy optimalizačné 
100 1 |a Dlouhý, Martin 
700 1 |a Fábry, Ján 
700 1 |a Kuncová, Martina 
710 2 |a Vysoká škola ekonomická v Praze. Fakulta informatiky a statistiky